|
|
|
|
| LEADER |
00000nam a22000007a 4500 |
| 005 |
20190813225211.0 |
| 007 |
cr|||| |||| |
| 008 |
190813s2019 co |||||s|||| 00||0 spa d |
| 020 |
|
|
|a 9789585456471
|
| 035 |
|
|
|a 24059
|
| 040 |
|
|
|a vLex
|
| 090 |
|
|
|c 9175
|d 9175
|
| 100 |
1 |
|
|a Daza Coronado, Sandra Milena
|
| 245 |
1 |
2 |
|a El derecho al cuidado
|h [Recurso electrn̤ico] :
|b un estudio comparado del modelo espaǫl y europeo /
|c Sandra Milena Daza Coronado, Salvador Morales Ferrer
|
| 256 |
|
|
|a Servicio en ln̕ea
|
| 260 |
|
|
|a Bogot:̀
|b Universidad Catl̤ica de Colombia,
|c 2019
|
| 300 |
|
|
|a 1 recurso electrn̤ico
|
| 500 |
|
|
|a El derecho al cuidado como třmino actual innova el trascendente rǧimen de la dependencia que se ha configurado como un modelo en el Derecho Espaǫl y reflejado en la legislacin̤ de pas̕es Europeos. Este libro presenta un estudio exhaustivo y comparado en el que se analiza el concepto jurd̕ico de la dependencia, se valoriza a los sujetos en situaciones de discapacidad y a los cuidadores sean de hecho, de derecho y profesionales. Es una aproximacin̤ de la lucha por el bienestar y derechos de la poblacin̤ dependiente y de sus familias que sufren las consecuencias de dicha situacin̤ en torno a la problemt̀ica econm̤ica, polt̕ica y legal.
|
| 506 |
1 |
|
|a Disponible solo en los productos indicados
|d vLex Global
|d vLex Global (Academic Edition, excluding Law Schools)
|d vLex Global (U.S. Academic Edition, Law Schools)
|d vLex Global (U.S. Academic Edition, excluding Law Schools)
|d vLex Global (Academic Edition, Law Schools)
|
| 650 |
0 |
4 |
|a Derecho Civil
|z Colombia
|
| 700 |
1 |
|
|a Morales Ferrer, Salvador
|
| 740 |
0 |
|
|a vLex Libros (Servicio en ln̕ea)
|
| 856 |
4 |
0 |
|u http://vlex.com/source/derecho-al-cuidado-un-estudio-comparado-del-modelo-espa-ol-y-europeo-24059
|z Acceso restringido
|
| 942 |
|
|
|c BOOK
|
| 999 |
0 |
|
|a Civil Law
|